The beermat entrepreneur : (Record no. 26630)

MARC details
000 -LEADER
fixed length control field 00710cam a22002295a 4500
001 - CONTROL NUMBER
control field 008729934
003 - CONTROL NUMBER IDENTIFIER
control field OSt
005 - DATE AND TIME OF LATEST TRANSACTION
control field 20201128024333.0
008 - FIXED-LENGTH DATA ELEMENTS--GENERAL INFORMATION
fixed length control field 020409s2002 enka fr 000 0 eng d
020 ## - INTERNATIONAL STANDARD BOOK NUMBER
International Standard Book Number 0273659294
020 ## - INTERNATIONAL STANDARD BOOK NUMBER
International Standard Book Number 9780273659297
040 ## - CATALOGING SOURCE
Original cataloging agency StDuBDS
Modifying agency Uk
-- EG-ScBUE
Language of cataloging eng
082 04 - DEWEY DECIMAL CLASSIFICATION NUMBER
Edition number 22
Classification number 658.421
Item number SOU
100 1# - MAIN ENTRY--PERSONAL NAME
Personal name Southon, Mike.
245 14 - TITLE STATEMENT
Title The beermat entrepreneur :
Remainder of title turn your good idea into a great business /
Statement of responsibility, etc Mike Southon and Chris West.
260 ## - PUBLICATION, DISTRIBUTION, ETC. (IMPRINT)
Place of publication, distribution, etc Harlow :
Name of publisher, distributor, etc Prentice Hall / Pearson Education,
Date of publication, distribution, etc 2002.
300 ## - PHYSICAL DESCRIPTION
Extent xxvi, 148 p. :
Other physical details ill. ;
Dimensions 24 cm.
650 #7 - SUBJECT ADDED ENTRY--TOPICAL TERM
Topical term or geographic name as entry element Entrepreneurship.
Source of heading or term BUEsh
9 (RLIN) 240
653 ## - INDEX TERM--UNCONTROLLED
Resource For college Generalities
Arrived date list May2018
700 1# - ADDED ENTRY--PERSONAL NAME
Personal name West, Christopher,
Dates associated with a name 1954-
942 ## - ADDED ENTRY ELEMENTS (KOHA)
Source of classification or shelving scheme Dewey Decimal Classification
Holdings
Withdrawn status Item status Source of classification or shelving scheme Damaged status Not for loan Home library Current library Shelving location Date acquired Total Checkouts Full call number Barcode Date last seen Date last borrowed Koha item type
    Dewey Decimal Classification     Central Library Central Library First floor 06/05/2018 1 658.421 SOU 000047687 15/07/2025 16/08/2018 Book - Borrowing